| 000 | 00645nam a22001577a 4500 | ||
|---|---|---|---|
| 008 | 090817s1993 enk||||| |||| 001 0 eng d | ||
| 020 | _a0749407727 | ||
| 082 |
_222 _a343.093 _bLOW |
||
| 245 |
_aThe Transport Manager's & Operator's Handbook 1993/ _cDavid Lowe |
||
| 250 | _a23rd ed. | ||
| 260 |
_aLondon: _bkogan page ؛ _c1993 |
||
| 300 |
_a487p. : _bill. ; _c20 cm. |
||
| 650 |
_98480 _atransportation , automotive _xlow and legislation _zgreat britain |
||
| 942 |
_2ddc _cBB |
||
| 999 |
_c12602 _d12602 |
||